APEC Schools

Advanced composition (Record no. 7051)

000 -LEADER
fixed length control field nam a22 7a 4500
005 - DATE AND TIME OF LATEST TRANSACTION
control field 20190305031603.0
008 - FIXED-LENGTH DATA ELEMENTS--GENERAL INFORMATION
fixed length control field 190206b xxu||||| |||| 00| 0 eng d
020 ## - IDENTIFIER FOR THE MANIFESTATION
Identifier for the Manifestation 9710830465
Binding paperback
040 ## - CATALOGING SOURCE
Language of Cataloging eng
Transcribing Agency APEC Schools Library
Description Conventions rda
082 ## - DEWEY DECIMAL CLASSIFICATION NUMBER
Classification number F 428.2
Author's Number Se487a 1986
100 ## - CREATOR
Preferred Name of the Person Serrano, Josephine B.
245 ## - TITLE AND STATEMENT OF RESPONSIBILITY
Preferred Title Proper Advanced composition
Statement of Responsibility/Parallel Statement of Responsibility Josephine B. Serrano
-- Trinidad M. Ames
250 ## - EDITION STATEMENT
Designation of Edition/Designation of a Named Revision of an Edition Third edition.
264 ## - PUBLICATION STATEMENT
Place of publication, distribution, etc Mandaluyong CIty :
Publisher's Name/Parallel Publisher's Name National Book Store,
Copyright ©1986.
Reprint 2010.
300 ## - PHYSICAL DESCRIPTION
Extent x, 204 pages ;
Dimensions 20 cm.
336 ## - RDA CONTENT
Source rdacontent
Content Type text
337 ## - RDA MEDIA
Source rdamedia
Media Type unmediated
338 ## - RDA CARRIER
Source rdacarrier
Carrier Type volume
504 ## - BIBLIOGRAPHY, ETC. NOTE
Bibliography, etc Includes index.
600 ## - ADDED SUBJECT ACCESS POINT - PERSONAL NAME
Preferred Name of the Person Ames, Trinidad M.
650 ## - ADDED SUBJECT ACCESS POINT - TOPICAL TERM
Topical Term English language--Rhetorics.
-- English language--Composition.
942 ## - ADDED ENTRY ELEMENTS (KOHA)
Source of Classification
Koha Item Type Books
Holdings
Library Site Location Shelving Location Source of Acquisition Full Classification Number Accession Number Koha Item Type
APEC Bacoor Library APEC Bacoor Library Filipiniana Institutional Fund F 428.2 Se487a 1986 B04-0000294 Non Fiction
APEC Calumpang Library APEC Calumpang Library Filipiniana Institutional Fund F 428.2 Se487a 1986 B10-0000290 Non Fiction
APEC Calumpang Library APEC Calumpang Library Filipiniana Institutional Fund F 428.2 Se487a 1986 B10-0000291 Non Fiction
APEC Calumpang Library APEC Calumpang Library Filipiniana Institutional Fund F 428.2 Se487a 1986 B10-0000292 Non Fiction
APEC G. Tuazon Library APEC G. Tuazon Library Filipiniana Institutional Fund F 428.2 Se487a 1986 B05-0000132 Non Fiction
APEC G. Tuazon Library APEC G. Tuazon Library Filipiniana Institutional Fund F 428.2 Se487a 1986 B05-0000133 Non Fiction
APEC Grace Park West Library APEC Grace Park West Library Filipiniana Institutional Fund F 428.2 Se487a 1986 A09-0000314 Non Fiction
APEC Holy Spirit Library APEC Holy Spirit Library Filipiniana Institutional Fund F 428.2 Se487a 1986 A03-0000092 Non Fiction
APEC Sta. Rita Library APEC Sta. Rita Library Filipiniana Institutional Fund F 428.2 Se487a 1986 B02-0000382 Non Fiction
APEC Taytay Library APEC Taytay Library Filipiniana Institutional Fund F 428.2 Se487a 1986 B08-0000306 Non Fiction

Powered by Koha